000 00962cab a2200265 4500
001 ABS56620
008 090401t1997 xxu||||| |||| 00| 0 eng d
035 _a(Sirsi) u24880
041 _aeng
100 _aEdwards, M.
245 _aIs it a bird, is it a plane, is it a material change of use?
260 _c1997
350 _a0
490 _aEstates Gazette
_v(9708) 22 February 1997, 134-135(2)
520 _aDiscusses the decision in "Thames Heliport plc v Tower Hamlets LBC" which declared that a floating platform on the River Thames would constitute a change of use of the land for the purposes of the Town and Country Planning Act 1990 s55.
650 _aCHANGE OF USE
650 _aHELIPORT
650 _aPLANNING PERMISSION
650 _aTHAMES HELIPORT PLC V TOWER HAMLETS LBC
650 _aTOWN AND COUNTRY PLANNING ACT 1990 S55
690 _aPLANNING LAW AND PRACTICE
700 _aMartin, J.
942 _n0
948 _c04/03/1997
999 _c16689
_d16689